00477 a2200205 4500260001000000630003800010037001300048650002600061100001800087260001400105245004100119300001100160650002100171260000900192300001000201100000700211037001200218650002300230020001800253 aParis a33 - Economie. Economie politique b1, Achat a3 - SCIENCES SOCIALES aHilaire, Jean bEconomica aLe droit, les affaires et l'histoire a369 p. aAffaires : droit c1995 b24 cm lFr aDE 8574 aDroit des affaires a2-7178-2907-5